Nalaganje...
Vaishnava Bronze Images of Kerala
| Glavni avtor: | |
|---|---|
| Format: | Printed Book |
| Teme: | |
| Online dostop: | http://10.26.1.76/ks/007447.pdf |
| LEADER | 00350nam a2200109 4500 | ||
|---|---|---|---|
| 999 | |c 160999 |d 160995 | ||
| 100 | |a Preeta Nayar |9 87540 | ||
| 245 | |a Vaishnava Bronze Images of Kerala | ||
| 650 | |a VISHNU IDOL; |a TEMPLE IDOLS |9 87763 | ||
| 856 | |u http://10.26.1.76/ks/007447.pdf | ||
| 942 | |c KS | ||
| 952 | |0 0 |1 0 |4 0 |7 0 |9 159472 |a MGUL |b MGUL |d 2019-01-24 |l 0 |r 2019-01-24 |w 2019-01-24 |y KS | ||